| 000 | 01205nam a22002895a 4500 | ||
|---|---|---|---|
| 005 | 20080730012638.0 | ||
| 008 | 080621s2007 ii a b 001 0 eng | ||
| 010 | _aENG-92377 | ||
| 020 |
_a9788180521997 _c350.00 |
||
| 020 |
_a8180521990 _c350.00 |
||
| 035 | _aEN-75910 | ||
| 037 | _bDBAD / PUB | ||
| 040 |
_adpl _bEnglish |
||
| 082 | _a681.2 | ||
| 100 | _aKher, Manik. | ||
| 245 |
_aTechnology spin-off and commercialization : _bthe case of dual-use technologies in India / _cby Manik Kher. |
||
| 260 |
_aNew Delhi _bAne Books _c2007 |
||
| 270 |
_a4821, Parwana Bhawan, Ist Floor, 24, Ansari Road, Daryaganj, _bNew Delhi _e110002 |
||
| 300 |
_axiv, 154 p. : _bb&w photos _c24 cm (Hb) |
||
| 504 | _aIncludes bibliographical references and index. | ||
| 650 |
_aScientific apparatus and instruments _xTechnological innovations |
||
| 650 |
_aDetectors _xIndustrial applications |
||
| 650 | _aCommercial products | ||
| 650 |
_aAerospace industries _zUnited States |
||
| 942 |
_2ddc _cEN _mKHE _h681.2 |
||
| 999 |
_c20665 _d20665 |
||